[Event "IRL-ch 100th"]
[Site "Dublin"]
[Date "2021.08.08"]
[Round "9"]
[White "Duffy, Seamus"]
[Black "O'Connell, Gerard"]
[Result "0-1"]
[WhiteElo "1945"]
[BlackElo "2051"]
[PlyCount "118"]
[EventDate "2021.07.31"]
[EventType "swiss"]
[EventRounds "9"]
[EventCountry "IRL"]
[SourceTitle "CBM 203 Extra"]
[Source "ChessBase"]
[SourceDate "2021.09.30"]
[SourceVersion "1"]
[SourceVersionDate "2021.09.30"]
[SourceQuality "1"]

1. b3 e5 2. Bb2 d6 3. e3 g6 4. f4 Bg7 5. Nf3 Bg4 6. h3 Bxf3 7. Qxf3 Nc6 8. Bb5 Nge7 9. fxe5 0-0 10. Bxc6 Nxc6 11. 0-0 Nxe5 12. Bxe5 Bxe5 13. d4 Bg7 14. Nd2 Qe7 15. Rae1 c5 16. c3 b5 17. Ne4 f5 18. Nf2 Rad8 19. Qc6 Qd7 20. Qd5+ Qf7 21. Qc6 b4 22. cxb4 cxd4 23. exd4 Bxd4 24. Rd1 Be5 25. Qd5 Rc8 26. Qd2 Rc7 27. Rc1 Rfc8 28. Rxc7 Rxc7 29. Ne4 Qe7 30. Ng5 Kg7 31. Nf3 Bc3 32. Qd3 Qf6 33. b5 Bb4 34. Kh1 Qc3 35. Qd5 Qc5 36. Qd3 Re7 37. Nd4 Bc3 38. Nc2 Be5 39. Re1 Rc7 40. Ne3 Qb4 41. Qe2 Qf4 42. Nf1 Rc3 43. g3 Qd4 44. Qg2 Qc5 45. g4 fxg4 46. hxg4 Qxb5 47. g5 Qc6 48. Re4 Rc2 49. Qf3 Rf2 50. Qxf2 Qxe4+ 51. Qg2 Qxg2+ 52. Kxg2 Bf4 53. Kf3 Bxg5 54. Ke4 Kf7 55. b4 Ke6 56. a4 d5+ 57. Kd3 Bf4 58. Ke2 g5 59. b5 Kd6 0-1

[Event "IRL-ch 100th"]
[Site "Dublin"]
[Date "2021.07.31"]
[Round "1"]
[White "Heidenfeld, Mark"]
[Black "Duffy, Seamus"]
[Result "1-0"]
[WhiteElo "2360"]
[BlackElo "1945"]
[PlyCount "39"]
[EventDate "2021.07.31"]
[EventType "swiss"]
[EventRounds "9"]
[EventCountry "IRL"]
[SourceTitle "CBM 203 Extra"]
[Source "ChessBase"]
[SourceDate "2021.09.30"]
[SourceVersion "1"]
[SourceVersionDate "2021.09.30"]
[SourceQuality "1"]

1. e4 b6 2. d4 Bb7 3. Bd3 e6 4. Qe2 d6 5. f4 Nd7 6. Nf3 g6 7. 0-0 Bg7 8. c3 Ne7 9. f5 e5 10. fxg6 hxg6 11. Ng5 0-0 12. Bc4 d5 13. Qf3 Bf6 14. exd5 exd4 15. Qh3 Bxg5 16. Bxg5 Bc8 17. Qh4 dxc3 18. Nxc3 Re8 19. d6 Ne5 20. Bf6 1-0

[Event "Dublin Irish op"]
[Site "Dublin"]
[Date "2019.04.22"]
[Round "9"]
[White "Duffy, Seamus"]
[Black "Moran, Stephen"]
[Result "0-1"]
[WhiteElo "1921"]
[BlackElo "2165"]
[PlyCount "102"]
[EventDate "2019.04.17"]
[EventType "swiss"]
[EventRounds "9"]
[EventCountry "IRL"]
[SourceTitle "CBM 189 Extra"]
[Source "ChessBase"]
[SourceDate "2019.06.03"]
[SourceVersion "1"]
[SourceVersionDate "2019.06.03"]
[SourceQuality "1"]

1. b3 e5 2. Bb2 Nc6 3. e3 Nf6 4. Bb5 Bd6 5. Na3 Na5 6. Nc4 Nxc4 7. Bxc4 0-0 8. Ne2 c6 9. Ng3 Bc7 10. d4 exd4 11. Qxd4 d5 12. Bd3 Re8 13. Qh4 Ne4 14. Qxd8 Bxd8 15. Bxe4 dxe4 16. 0-0-0 Bh4 17. Rd4 f5 18. Rhd1 g6 19. Rd6 Be6 20. c4 Kf7 21. R6d2 Rad8 22. Nf1 Rxd2 23. Rxd2 Rd8 24. g3 Be7 25. Kc2 h5 26. h4 g5 27. hxg5 Bxg5 28. Rxd8 Bxd8 29. Be5 Kg6 30. Kd2 Kg5 31. Ke2 b5 32. cxb5 cxb5 33. Nd2 Bd5 34. f3 a6 35. fxe4 fxe4 36. Bd6 Bf6 37. a4 bxa4 38. bxa4 Kg4 39. Bc7 Bc3 40. Bd6 Kf5 41. Nb1 Bc4+ 42. Kf2 Ba5 43. Na3 Bd3 44. Bf8 Bc7 45. Bb4 Kg4 46. Bc5 Bxg3+ 47. Kg2 h4 48. Kg1 h3 49. a5 h2+ 50. Kg2 Bf1+ 51. Kh1 Kh3 0-1

[Event "Dublin Irish op"]
[Site "Dublin"]
[Date "2019.04.19"]
[Round "4"]
[White "Duffy, Seamus"]
[Black "Mihalik, Agoston"]
[Result "0-1"]
[WhiteElo "1921"]
[BlackElo "2203"]
[PlyCount "104"]
[EventDate "2019.04.17"]
[EventType "swiss"]
[EventRounds "9"]
[EventCountry "IRL"]
[SourceTitle "CBM 189 Extra"]
[Source "ChessBase"]
[SourceDate "2019.06.03"]
[SourceVersion "1"]
[SourceVersionDate "2019.06.03"]
[SourceQuality "1"]

1. b3 d5 2. Bb2 c5 3. e3 a6 4. f4 Nf6 5. Nf3 g6 6. Be2 Bg7 7. 0-0 Nc6 8. Ne5 Bd7 9. d3 0-0 10. Nd2 d4 11. Nxc6 Bxc6 12. e4 b5 13. Bf3 Qc7 14. g3 Rfd8 15. Qe2 Nd7 16. Bg2 Nb6 17. Rae1 c4 18. Nf3 e6 19. Bc1 a5 20. f5 e5 21. fxg6 hxg6 22. Ng5 Be8 23. Qg4 Nd7 24. Qh4 Nf8 25. Bh3 Ra6 26. bxc4 f6 27. cxb5 Bxb5 28. Nf3 Re8 29. Rf2 Rc6 30. Bh6 Rxc2 31. Bxg7 Kxg7 32. Nd2 Nh7 33. Bf1 Rxa2 34. Rb1 Bd7 35. g4 Rb8 36. Rxb8 Qxb8 37. Qg3 Qc8 38. h3 Qc3 39. Nb1 Qa1 40. Nd2 Qe1 41. Qg2 Ng5 42. Re2 Qd1 43. h4 Nh3+ 44. Qxh3 Rxd2 45. Rxd2 Qxd2 46. h5 gxh5 47. Qxh5 Qh6 48. Qxh6+ Kxh6 49. Be2 a4 50. Bd1 a3 51. Bb3 Kg6 52. Kf2 Be8 0-1

[Event "Dublin Irish op"]
[Site "Dublin"]
[Date "2019.04.18"]
[Round "2"]
[White "Duffy, Seamus"]
[Black "Pulkkinen, Kari"]
[Result "0-1"]
[WhiteElo "1921"]
[BlackElo "2265"]
[PlyCount "74"]
[EventDate "2019.04.17"]
[EventType "swiss"]
[EventRounds "9"]
[EventCountry "IRL"]
[SourceTitle "CBM 189 Extra"]
[Source "ChessBase"]
[SourceDate "2019.06.03"]
[SourceVersion "1"]
[SourceVersionDate "2019.06.03"]
[SourceQuality "1"]

1. b3 a5 2. a4 Nf6 3. Bb2 e6 4. e3 Be7 5. f4 0-0 6. Nf3 b6 7. Nc3 Bb7 8. Be2 Na6 9. 0-0 Nb4 10. Ne5 d6 11. Nd3 Ba6 12. Nxb4 axb4 13. Na2 Bxe2 14. Qxe2 d5 15. Rf3 c5 16. Rh3 g6 17. g4 Qd7 18. Rf1 b5 19. g5 Ne8 20. Rff3 f6 21. Rh6 bxa4 22. bxa4 Rxa4 23. Nc1 c4 24. Rfh3 Rf7 25. Qg4 Bf8 26. gxf6 Bxh6 27. Rxh6 Nxf6 28. Qg5 c3 29. dxc3 Ne4 30. Qe5 Qa7 31. Rh3 bxc3 32. Bxc3 Nxc3 33. Qxc3 Raxf4 34. Qc8+ Kg7 35. Qc3+ d4 36. Qb2 Rf1+ 37. Kg2 Qa8+ 0-1

[Event "IRL-chT"]
[Site "Dublin"]
[Date "2016.04.24"]
[Round "4"]
[White "Duffy, Seamus"]
[Black "Delaney, Killian"]
[Result "0-1"]
[WhiteElo "1924"]
[BlackElo "2108"]
[PlyCount "76"]
[EventDate "2016.04.23"]
[EventType "team-swiss"]
[EventRounds "4"]
[EventCountry "IRL"]
[SourceTitle "EXT 2023"]
[Source "ChessBase"]
[SourceDate "2022.10.05"]
[SourceVersion "1"]
[SourceVersionDate "2022.10.05"]
[SourceQuality "1"]

1. e4 c6 2. d4 d5 3. f3 dxe4 4. fxe4 e5 5. Nf3 Bg4 6. Bc4 Nd7 7. 0-0 Ngf6 8. c3 Bh5 9. Qe1 Bd6 10. Qg3 Qc7 11. Nxe5 Nxe5 12. dxe5 Bxe5 13. Qh4 Bg6 14. Nd2 0-0 15. Bd3 Rae8 16. Re1 Nd7 17. Nf3 Bf6 18. Qf2 Ne5 19. Nxe5 Bxe5 20. g3 Re6 21. Bg5 h6 22. Bh4 Bh5 23. Bc4 g5 24. Bxg5 hxg5 25. Bxe6 fxe6 26. Qe3 Qb6 27. Qxb6 axb6 28. Rac1 Bf3 29. Rc2 b5 30. Rd2 Bc7 31. e5 Bb6+ 32. Kf1 Bd5+ 33. Ke2 Bf2 34. Ra1 Bc4+ 35. Kd1 Be3 36. Re2 Bxe2+ 37. Kxe2 Bb6 38. h4 Rf2+ 0-1

[Event "Bunratty Masters op 19th"]
[Site "Bunratty"]
[Date "2012.02.19"]
[Round "6"]
[White "Cafolla, Peter"]
[Black "Duffy, Seamus"]
[Result "1-0"]
[WhiteElo "2021"]
[BlackElo "1999"]
[PlyCount "75"]
[EventDate "2012.02.17"]
[EventType "swiss"]
[EventRounds "6"]
[EventCountry "IRL"]
[SourceTitle "CBM 146 Extra"]
[Source "ChessBase"]
[SourceDate "2012.02.29"]
[SourceVersion "1"]
[SourceVersionDate "2012.02.29"]
[SourceQuality "1"]

1. d4 b6 2. Nf3 Bb7 3. g3 Bxf3 4. exf3 e6 5. Nd2 Nf6 6. Bd3 d5 7. 0-0 Bd6 8. b3 0-0 9. Bb2 Nbd7 10. Re1 c5 11. c3 Re8 12. f4 Qc7 13. Qf3 g6 14. Rac1 cxd4 15. cxd4 Qb7 16. Nc4 Qb8 17. Ne5 Bxe5 18. fxe5 Nh5 19. Qe2 Rc8 20. Ba6 Rxc1 21. Rxc1 Qd8 22. Ba3 Qg5 23. Qe3 Qf5 24. Kg2 Ng7 25. h3 h6 26. g4 Qg5 27. Qxg5 hxg5 28. Rc7 Nf8 29. Kf3 Ne8 30. Re7 f5 31. Ke3 Rb8 32. Bb5 Ng7 33. Rxa7 Nh7 34. Bd6 Rc8 35. Rc7 Ra8 36. a4 Ne8 37. Rc6 Nxd6 38. Rxd6 1-0

[Event "Bunratty Masters op 19th"]
[Site "Bunratty"]
[Date "2012.02.18"]
[Round "3"]
[White "Duffy, Seamus"]
[Black "Moynihan, Kieran"]
[Result "1/2-1/2"]
[WhiteElo "1999"]
[BlackElo "2167"]
[PlyCount "92"]
[EventDate "2012.02.17"]
[EventType "swiss"]
[EventRounds "6"]
[EventCountry "IRL"]
[SourceTitle "CBM 146 Extra"]
[Source "ChessBase"]
[SourceDate "2012.02.29"]
[SourceVersion "1"]
[SourceVersionDate "2012.02.29"]
[SourceQuality "1"]

1. b3 e5 2. Bb2 Nc6 3. e3 Nf6 4. Bb5 Bd6 5. Nf3 e4 6. Bxc6 dxc6 7. Nd4 0-0 8. Nc3 a6 9. Nde2 Re8 10. Ng3 c5 11. d3 Bg4 12. Qd2 exd3 13. cxd3 Bxg3 14. hxg3 Qd6 15. Ne2 Rad8 16. 0-0-0 Qc6 17. f3 Bc8 18. e4 b5 19. Qg5 c4 20. bxc4 bxc4 21. d4 Nxe4 22. fxe4 Qxe4 23. Nc3 Qe3+ 24. Qxe3 Rxe3 25. Rhe1 Rxg3 26. Rd2 Bf5 27. Rf2 Bg6 28. Nd5 h5 29. Ne7+ Kh7 30. Nxg6 c3 31. Ba3 Rxg6 32. Bc5 f6 33. Re3 Rd5 34. Rxc3 Rdg5 35. Rcc2 Rd5 36. Ba7 Rd7 37. Bc5 Rd5 38. Rce2 Rdg5 39. Rb2 Rg4 40. Kd1 h4 41. Ke1 Rg3 42. Kf1 Rc3 43. Rbc2 Rd3 44. Ke2 Rdg3 45. Kf1 Rd3 46. Ke2 Rdg3 1/2-1/2

[Event "Gonzaga Masters"]
[Site "Dublin"]
[Date "2012.01.30"]
[Round "5"]
[White "O'Donnell, Conor"]
[Black "Duffy, Seamus"]
[Result "1/2-1/2"]
[WhiteElo "1780"]
[BlackElo "1999"]
[PlyCount "86"]
[EventDate "2012.01.27"]
[EventType "swiss"]
[EventRounds "5"]
[EventCountry "IRL"]
[SourceTitle "EXT 2023"]
[Source "ChessBase"]
[SourceDate "2022.10.05"]
[SourceVersion "1"]
[SourceVersionDate "2022.10.05"]
[SourceQuality "1"]

1. e4 e5 2. Nf3 d6 3. d4 exd4 4. Nxd4 Nf6 5. Nc3 Be7 6. Be2 0-0 7. 0-0 Re8 8. f4 Bf8 9. Bf3 c6 10. Nb3 Be6 11. Re1 Na6 12. g4 Bxb3 13. axb3 Nd7 14. Be3 Qc7 15. Qd2 Nb6 16. g5 d5 17. exd5 Rxe3 18. Rxe3 Bc5 19. Kh1 Bxe3 20. Qxe3 Nxd5 21. Nxd5 cxd5 22. Bxd5 Rd8 23. c3 g6 24. Qf3 Qb6 25. b4 Rd7 26. b3 Nc7 27. Bc4 Re7 28. Rc1 Re3 29. Qg2 Ne6 30. Bxe6 Qxe6 31. Qxb7 Re2 32. Qf3 Rd2 33. c4 Qf5 34. Qe3 Qd7 35. Re1 Kf8 36. Qc5+ Kg8 37. Qe3 Kf8 38. Qe5 Qb7+ 39. Qe4 Qd7 40. b5 Qh3 41. Qe7+ Kg8 42. Qe8+ Kg7 43. Qe5+ Kg8 1/2-1/2

[Event "IRL-ch"]
[Site "Dublin"]
[Date "2010.07.07"]
[Round "5"]
[White "Duffy, Seamus"]
[Black "Daly, Colm"]
[Result "1/2-1/2"]
[WhiteElo "1996"]
[BlackElo "2322"]
[PlyCount "95"]
[EventDate "2010.07.03"]
[EventType "swiss"]
[EventRounds "9"]
[EventCountry "IRL"]
[SourceTitle "CBM 137 Extra"]
[Source "ChessBase"]
[SourceDate "2010.09.01"]
[SourceVersion "1"]
[SourceVersionDate "2010.09.01"]
[SourceQuality "1"]

1. e4 c5 2. a3 e6 3. b4 b6 4. bxc5 bxc5 5. Nc3 Nc6 6. Nf3 Nge7 7. Bc4 Ng6 8. 0-0 Be7 9. Kh1 Bf6 10. Bb2 Rb8 11. Rb1 0-0 12. Ba1 Bb7 13. d3 d6 14. Nd2 Be5 15. Ne2 Bxa1 16. Rxa1 d5 17. exd5 exd5 18. Ba2 Qd6 19. Ng3 Nge7 20. Nf3 Bc8 21. h3 Rb6 22. c4 Rd8 23. cxd5 Nxd5 24. Ne4 Qh6 25. Qc1 Qh5 26. Ng3 Qg6 27. Qxc5 Nf4 28. Ng5 Rf8 29. d4 Nd3 30. Qc3 Qxg5 31. Qxd3 Rd8 32. Rfe1 h5 33. Qf3 Qg6 34. Qxh5 Qxh5 35. Nxh5 Nxd4 36. Re7 Be6 37. Bxe6 Nxe6 38. Rxa7 Rb2 39. Kg1 Rdd2 40. Rf1 Nd4 41. Ng3 f5 42. Nh5 Ne6 43. a4 g6 44. Nf6+ Kf8 45. Rc1 Nd8 46. Rcc7 Rxf2 47. Nh7+ Kg8 48. Nf6+ 1/2-1/2

[Event "IRL-ch"]
[Site "Dublin"]
[Date "2010.07.06"]
[Round "4"]
[White "Palmer, Bernard"]
[Black "Duffy, Seamus"]
[Result "1/2-1/2"]
[WhiteElo "2012"]
[BlackElo "1996"]
[PlyCount "29"]
[EventDate "2010.07.03"]
[EventType "swiss"]
[EventRounds "9"]
[EventCountry "IRL"]
[SourceTitle "CBM 137 Extra"]
[Source "ChessBase"]
[SourceDate "2010.09.01"]
[SourceVersion "1"]
[SourceVersionDate "2010.09.01"]
[SourceQuality "1"]

1. c4 e5 2. Nc3 Nc6 3. g3 f5 4. Bg2 Nf6 5. d3 Bc5 6. e3 d6 7. Nge2 0-0 8. 0-0 a5 9. d4 Bb6 10. dxe5 Nxe5 11. b3 c6 12. Ba3 Nf7 13. Qd2 Re8 14. Rad1 Bc7 15. h3 1/2-1/2

[Event "IRL-ch"]
[Site "Dublin"]
[Date "2010.07.05"]
[Round "3"]
[White "Duffy, Seamus"]
[Black "Brady, Stephen"]
[Result "0-1"]
[WhiteElo "1996"]
[BlackElo "2376"]
[PlyCount "72"]
[EventDate "2010.07.03"]
[EventType "swiss"]
[EventRounds "9"]
[EventCountry "IRL"]
[SourceTitle "CBM 137 Extra"]
[Source "ChessBase"]
[SourceDate "2010.09.01"]
[SourceVersion "1"]
[SourceVersionDate "2010.09.01"]
[SourceQuality "1"]

1. e4 c5 2. a3 e5 3. Nc3 Nf6 4. f4 Nc6 5. Nf3 exf4 6. d4 cxd4 7. Nxd4 Bc5 8. Nxc6 bxc6 9. Bxf4 0-0 10. e5 Qb6 11. Bd3 Re8 12. Kf1 Qxb2 13. Bd2 Nd5 14. Qe1 Qb8 15. Qh4 g6 16. Re1 Rxe5 17. Nxd5 cxd5 18. Qd8+ Kg7 19. Qh4 Rxe1+ 20. Qxe1 Qd6 21. g3 Bb7 22. Bf4 Qe6 23. Qc3+ d4 24. Qxc5 Bxh1 25. Qxd4+ f6 26. Bc4 d5 27. Be2 Qe4 28. Qf2 Qxc2 29. Qe3 Qb1+ 30. Kf2 Qe4 31. Bh6+ Kg8 32. Qc5 Re8 33. Qb5 g5 34. Qa6 Qe3+ 35. Kf1 Bg2+ 36. Ke1 Bf3 0-1

[Event "IRL-ch"]
[Site "Dublin"]
[Date "2010.07.03"]
[Round "1"]
[White "Duffy, Seamus"]
[Black "Redmond, John P"]
[Result "1/2-1/2"]
[WhiteElo "1996"]
[BlackElo "2205"]
[PlyCount "99"]
[EventDate "2010.07.03"]
[EventType "swiss"]
[EventRounds "9"]
[EventCountry "IRL"]
[SourceTitle "CBM 137 Extra"]
[Source "ChessBase"]
[SourceDate "2010.09.01"]
[SourceVersion "1"]
[SourceVersionDate "2010.09.01"]
[SourceQuality "1"]

1. e4 e6 2. d4 d5 3. Nc3 Bb4 4. e5 c5 5. a3 Bxc3+ 6. bxc3 Qa5 7. Bd2 Qa4 8. Nf3 b6 9. Qb1 Ba6 10. Qb3 Qc6 11. Bxa6 Nxa6 12. 0-0 c4 13. Qb2 Qa4 14. Rfb1 Ne7 15. Qb5+ Qxb5 16. Rxb5 Nc6 17. Re1 0-0 18. Rbb1 Nc7 19. a4 Rfb8 20. Ra1 b5 21. axb5 Nxb5 22. Ra6 Rc8 23. Kf1 Rab8 24. Ng1 Rb7 25. Ne2 Nb8 26. Ra2 Rc6 27. Rea1 Rcb6 28. Ke1 Nc6 29. Kd1 f6 30. f4 Kf7 31. Be3 Nc7 32. Kc1 a6 33. Ng1 Ne7 34. g4 Rb8 35. Nf3 Nc6 36. f5 a5 37. Bf4 R8b7 38. Bg3 Ne8 39. fxe6+ Kxe6 40. h3 h6 41. Ra3 Rf7 42. Kd2 fxe5 43. Nxe5 Nxe5 44. Bxe5 Rf2+ 45. Kd1 Rf1+ 46. Kd2 Rxa1 47. Rxa1 Rb5 48. Re1 Nf6 49. Bxf6+ Kxf6 50. h4 1/2-1/2

[Event "IRL-ch"]
[Site "Dublin"]
[Date "2009.07.07"]
[Round "5"]
[White "Duffy, Seamus"]
[Black "Benson, Oisin P"]
[Result "1/2-1/2"]
[WhiteElo "2078"]
[BlackElo "1967"]
[PlyCount "75"]
[EventDate "2009.07.04"]
[EventType "swiss"]
[EventRounds "9"]
[EventCountry "IRL"]
[SourceTitle "CBM 131 Extra"]
[Source "ChessBase"]
[SourceDate "2009.09.03"]
[SourceVersion "2"]
[SourceVersionDate "2009.09.16"]
[SourceQuality "1"]

1. f4 Nf6 2. b3 d5 3. Nf3 g6 4. Bb2 Bg7 5. e3 0-0 6. Be2 c5 7. 0-0 Nc6 8. Ne5 d4 9. Nxc6 bxc6 10. exd4 cxd4 11. Bf3 Nd5 12. Bxd5 Qxd5 13. d3 Bb7 14. Nd2 c5 15. Qf3 Qd7 16. Qf2 Bh6 17. Qh4 Bg7 18. Rae1 Qc6 19. Rf2 Rae8 20. Nf3 Ba8 21. a4 h5 22. Ba3 Bf6 23. Qg3 Qd5 24. Ne5 Rc8 25. Bc1 e6 26. Nxg6 fxg6 27. Qxg6+ Bg7 28. Re5 Rf6 29. Qxh5 Qc6 30. Ba3 Rf5 31. Rxf5 exf5 32. Qxf5 Re8 33. h3 Re1+ 34. Kh2 Rf1 35. Re2 Re1 36. Qg4 Rxe2 37. Qxe2 Bh6 38. Bc1 1/2-1/2

[Event "IRL-ch"]
[Site "Dublin"]
[Date "2009.07.06"]
[Round "3"]
[White "Duffy, Seamus"]
[Black "Redmond, John P"]
[Result "0-1"]
[WhiteElo "2078"]
[BlackElo "2193"]
[PlyCount "145"]
[EventDate "2009.07.04"]
[EventType "swiss"]
[EventRounds "9"]
[EventCountry "IRL"]
[SourceTitle "CBM 131 Extra"]
[Source "ChessBase"]
[SourceDate "2009.09.03"]
[SourceVersion "2"]
[SourceVersionDate "2009.09.16"]
[SourceQuality "1"]

1. e4 e6 2. Nf3 d5 3. e5 Bd7 4. d4 c5 5. c3 Nc6 6. Be3 Qb6 7. Qd2 c4 8. Qc2 Qa5 9. Be2 Nge7 10. 0-0 f5 11. h4 Qc7 12. Nbd2 h6 13. Rfc1 g6 14. b3 b5 15. b4 a5 16. a3 Rg8 17. Nf1 Nd8 18. Qd2 Nf7 19. Ng3 Nc8 20. Bd1 Nb6 21. Ne2 Qd8 22. Nf4 Be7 23. g3 Ra7 24. h5 g5 25. Ng6 Nh8 26. Nxe7 Qxe7 27. Kh1 Kd8 28. Nh2 Qf7 29. Qe2 Kc7 30. Qb2 Rga8 31. g4 Qe7 32. f3 Nf7 33. Rcb1 Nd8 34. Bc1 Qf8 35. Kg2 Nc6 36. Be3 Ne7 37. Bc1 Ra6 38. Be3 Kd8 39. Bc1 Ke8 40. Be3 R8a7 41. Bc1 Kf7 42. Nf1 axb4 43. cxb4 Kg8 44. Ng3 Rc7 45. Ne2 Nc6 46. Be3 c3 47. Qxc3 fxg4 48. Ng1 gxf3+ 49. Nxf3 Nc4 50. Bc1 Ne7 51. Qd3 Nf5 52. Nh2 Be8 53. Ng4 Rf7 54. Nf6+ Rxf6 55. exf6 Qxf6 56. Bg4 Nxd4 57. Ra2 e5 58. Rf2 Qg7 59. Bb2 Ne6 60. Bxe6+ Rxe6 61. Qf3 d4 62. Kg1 Bc6 63. Qf5 Re8 64. Bc1 e4 65. Bxg5 e3 66. Rf4 Bd7 67. Qd5+ Be6 68. Qxb5 Qxg5+ 69. Qxg5+ hxg5 70. Rxd4 Nd2 71. Rd1 Nf3+ 72. Kf1 Bc4+ 73. Kg2 0-1

[Event "Dublin Gonzaga op"]
[Site "Dublin"]
[Date "2008.02.02"]
[Round "3"]
[White "Duffy, Seamus"]
[Black "Cafolla, Peter"]
[Result "1-0"]
[WhiteElo "1873"]
[BlackElo "1976"]
[PlyCount "75"]
[EventDate "2008.02.01"]
[EventType "swiss"]
[EventRounds "5"]
[EventCountry "IRL"]
[SourceTitle "EXT 2010"]
[Source "ChessBase"]
[SourceDate "2010.11.25"]
[SourceVersion "1"]
[SourceVersionDate "2010.11.25"]
[SourceQuality "1"]

1. e4 c5 2. b4 cxb4 3. d4 d5 4. e5 Bf5 5. a3 e6 6. axb4 Bxb4+ 7. c3 Be7 8. Qb3 Qd7 9. Bb5 Nc6 10. Ne2 h5 11. Ng3 Bg6 12. 0-0 a6 13. f4 Nh6 14. Be2 h4 15. Nh1 Bf5 16. Nf2 Rg8 17. Nd2 g5 18. fxg5 Bxg5 19. Nf3 Bxc1 20. Rfxc1 Bg4 21. Nxg4 Rxg4 22. Ne1 Rg7 23. Nd3 Rb8 24. Nf4 Ng8 25. Qb1 Qe7 26. Qd3 Qg5 27. Qf3 Ke7 28. Rf1 Rf8 29. Rfb1 Rb8 30. Rb6 f6 31. Rab1 Nd8 32. c4 fxe5 33. Qa3+ Kd7 34. Rd6+ Ke8 35. Bh5+ Nf7 36. Rxe6+ Ne7 37. Rxe5 Qf6 38. Nxd5 1-0

[Event "Dublin Gonzaga op"]
[Site "Dublin"]
[Date "2008.02.01"]
[Round "1"]
[White "Hotak, Marian"]
[Black "Duffy, Seamus"]
[Result "0-1"]
[WhiteElo "1990"]
[BlackElo "1873"]
[PlyCount "58"]
[EventDate "2008.02.01"]
[EventType "swiss"]
[EventRounds "5"]
[EventCountry "IRL"]
[SourceTitle "EXT 2010"]
[Source "ChessBase"]
[SourceDate "2010.11.25"]
[SourceVersion "1"]
[SourceVersionDate "2010.11.25"]
[SourceQuality "1"]

1. g3 e5 2. Bg2 d5 3. d3 c6 4. Nf3 Bd6 5. e4 Ne7 6. 0-0 Bg4 7. h3 Bh5 8. c4 d4 9. g4 Bg6 10. b4 a5 11. b5 cxb5 12. cxb5 Nd7 13. a4 0-0 14. Ba3 Bxa3 15. Nxa3 f6 16. Nd2 Nc5 17. Rc1 Ne6 18. Nb3 Nf4 19. Nc5 Rb8 20. Nc4 Bf7 21. Qd2 b6 22. Nxb6 Rxb6 23. Qxa5 Ne2+ 24. Kh1 Nxc1 25. Rxc1 Qc7 26. Nb3 Qd6 27. Nc5 Rc8 28. Qb4 Nc6 29. Qa3 Nd8 0-1